000 00521nam a2200169Ia 4500
008 090711s9999 xx 000 0 und d
082 _b42255
100 _aशेंडे ना. रा.
245 _aविSाार प्रबोधिनी
260 _c1980
300 _a365
600 _aशेंडे ना. रा.
630 _aविSाार प्रबोधिनी
700 _aशेंडे ना. रा.
730 _aविSाार प्रबोधिनी
942 _cBOOK
999 _c285890
_d285890